000 01258nam0a22003131 4500
001 RU\NLR\A1SV\83490
005 20251203171251.9
035 _a(NLR Aleph) 009764907
090 _a10033393
_c10033393
100 _a20071210d1924 u y0rusy50 ca
101 0 _arus
102 _aRU
200 1 _aОзимая пшеница Ростово-Нахичеванской опытной с.-хоз. станции, как сортоводный материал
_fС.В.Максимов
_gУполномоченный Наркомзема на Юго-Востоке России
210 _aРостов н. Д.
_cИзд. по с.-х. опыт. делу Уполнаркомзема
_d1924
215 _a16 с.
_cил.
_d25 см
517 1 _aОзимая пшеница Ростово-Нахичеванской опытной сельскохозяйственной станции, как сортоводный материал
620 _dРостов-на-Дону
700 1 _aМаксимов
_bС.В.
801 0 _aRU
_bNLR
_c20071210
899 _aРНБ
_j35.49.6.164
899 _aРКП
899 _aРГБ
899 _aДГПБ
899 _aМГУ
942 _cBOOK
980 _aNB
980 _aA1SV
980 _aA1SV